[Event "Titled Tuesday intern op 11th Feb Early"]
[Site "Chess.com INT"]
[Date "2025.02.11"]
[Round "6"]
[White "Gramlich, Sebastian"]
[Black "Eid, Fadi"]
[Result "0-1"]
[WhiteElo "2234"]
[BlackElo "2323"]
[PlyCount "160"]
[EventDate "2025.02.11"]
[EventType "swiss (blitz)"]
[EventRounds "11"]
[EventCountry "USA"]
[SourceTitle "CB09_2025"]
[SourceDate "2025.02.27"]
[SourceVersion "1"]
[SourceVersionDate "2025.02.27"]
[SourceQuality "1"]

1. c4 b6 2. Nc3 Bb7 3. e4 e5 4. Nf3 Nc6 5. Bd3 Bc5 6. 0-0 d6 7. a3 a5 8. Nd5 Nge7 9. Bc2 0-0 10. Ba4 Nd4 11. Nxd4 Bxd4 12. d3 f5 13. Rb1 f4 14. Kh1 Nxd5 15. cxd5 Qh4 16. g3 Qh3 17. f3 fxg3 18. Qe2 gxh2 19. Be3 Bxe3 20. Qxe3 Rf7 21. Rf2 Raf8 22. Rbf1 Bc8 23. Bd1 h6 24. Be2 Rf4 25. Rxh2 Qd7 26. Rg1 Kh7 27. Qf2 Qf7 28. Qh4 Qf6 29. Qg3 Bd7 30. b3 g6 31. a4 Kg7 32. Qe1 g5 33. Rg3 Be8 34. Qc3 Qe7 35. d4 Bg6 36. dxe5 dxe5 37. Bd1 R8f7 38. Rd2 h5 39. Rgg2 h4 40. Rh2 Bh5 41. Rdg2 Kh6 42. Qc6+ Qd6 43. Qe8 Qf6 44. Qg8 Qg7 45. Qd8 Qf6 46. Qe8 Rg7 47. Qh8+ Rh7 48. Qg8 Qg7 49. Qd8 Qe7 50. Qg8 Rf8 51. Qe6+ Qxe6 52. dxe6 Re7 53. Be2 Rxe6 54. Bc4 Rd6 55. Be2 Rd2 56. Rg1 Rxe2 57. Rxe2 Bxf3+ 58. Reg2 h3 59. Kh2 Bxg2 60. Re1 g4 61. Rc1 Kg5 62. Rxc7 Rf1 63. Rg7+ Kf4 64. Rf7+ Kxe4 65. Rxf1 Bxf1 66. Kg3 Kd3 67. Kh2 e4 68. b4 e3 69. bxa5 bxa5 70. Kg1 e2 71. Kf2 Kd2 72. Kg3 e1Q+ 73. Kf4 h2 74. Kg5 h1Q 75. Kg6 g3 76. Kg7 g2 77. Kf8 g1Q 78. Kf7 Bc4+ 79. Kf8 Qgf2+ 80. Kg7 Qeg1# 0-1

[Event "Titled Tuesday intern op 28th Jan Early"]
[Site "Chess.com INT"]
[Date "2025.01.28"]
[Round "10"]
[White "Baladjaev, Gara"]
[Black "Gramlich, Sebastian"]
[Result "1-0"]
[WhiteElo "2404"]
[BlackElo "2230"]
[PlyCount "113"]
[EventDate "2025.01.28"]
[EventType "swiss (blitz)"]
[EventRounds "11"]
[EventCountry "USA"]
[SourceTitle "CB06_2025"]
[SourceDate "2025.02.05"]
[SourceVersion "1"]
[SourceVersionDate "2025.02.05"]
[SourceQuality "1"]

1. d4 Nf6 2. c4 e6 3. Nf3 Bb4+ 4. Bd2 Qe7 5. g3 0-0 6. Bg2 Nc6 7. 0-0 Bxd2 8. Qxd2 d6 9. Nc3 e5 10. dxe5 Nxe5 11. Nd5 Nxd5 12. cxd5 Nxf3+ 13. Bxf3 Bf5 14. Rac1 Rfe8 15. Rc3 Rad8 16. Rfc1 Rd7 17. Qd4 b6 18. Qa4 a5 19. Rxc7 h6 20. Qc6 Rxc7 21. Qxc7 Qe5 22. Qxb6 a4 23. Rc3 Qf6 24. h4 Bb1 25. Qc6 Re5 26. Qxa4 g6 27. a3 h5 28. b4 Kg7 29. Qb3 Bf5 30. b5 Bg4 31. b6 Bxf3 32. Rxf3 Qe7 33. b7 Rxe2 34. b8Q Re1+ 35. Kg2 Qe2 36. Qb2+ Qxb2 37. Qxb2+ Re5 38. Re3 f6 39. Rxe5 fxe5 40. Qb6 Kf6 41. Qxd6+ Kf5 42. Qe6+ Ke4 43. Qxg6+ Kd4 44. Qxh5 e4 45. Qg4 Kd3 46. f3 e3 47. Qe4+ Kd2 48. Kf1 Kd1 49. Qxe3 Kc2 50. Ke2 Kb2 51. Qd3 Kc1 52. Qb5 Kc2 53. Qc4+ Kb2 54. Kd2 Ka1 55. Qb4 Ka2 56. Kc2 Ka1 57. Qb2# 1-0

[Event "Titled Tuesday intern op 28th Jan Early"]
[Site "Chess.com INT"]
[Date "2025.01.28"]
[Round "11"]
[White "Do Carmo, Gabriel Carckeno"]
[Black "Gramlich, Sebastian"]
[Result "0-1"]
[WhiteElo "2008"]
[BlackElo "2230"]
[PlyCount "34"]
[EventDate "2025.01.28"]
[EventType "swiss (blitz)"]
[EventRounds "11"]
[EventCountry "USA"]
[SourceTitle "CB06_2025"]
[SourceDate "2025.02.05"]
[SourceVersion "1"]
[SourceVersionDate "2025.02.05"]
[SourceQuality "1"]

1. c4 e5 2. Nc3 Nc6 3. Nf3 f5 4. d3 Nf6 5. g3 Bc5 6. Bg2 d6 7. 0-0 0-0 8. Na4 Bb6 9. Nxb6 axb6 10. e3 Qe8 11. b3 Qh5 12. Nh4 Qh6 13. f4 exf4 14. exf4 Ng4 15. Re1 Qf6 16. Bxc6 Qd4+ 17. Kg2 Qf2+ 0-1

[Event "Titled Tuesday intern op 28th Jan Early"]
[Site "Chess.com INT"]
[Date "2025.01.28"]
[Round "8"]
[White "Gramlich, Sebastian"]
[Black "Souleidis, Georgios"]
[Result "0-1"]
[WhiteElo "2230"]
[BlackElo "2418"]
[PlyCount "76"]
[EventDate "2025.01.28"]
[EventType "swiss (blitz)"]
[EventRounds "11"]
[EventCountry "USA"]
[SourceTitle "CB06_2025"]
[SourceDate "2025.02.05"]
[SourceVersion "1"]
[SourceVersionDate "2025.02.05"]
[SourceQuality "1"]

1. e4 c5 2. Nf3 e6 3. c3 d5 4. exd5 Qxd5 5. d4 Nf6 6. Bd3 Nc6 7. 0-0 Be7 8. Be3 cxd4 9. cxd4 0-0 10. Nc3 Qd6 11. a3 Bd7 12. Qe2 Rac8 13. Rad1 h6 14. Rfe1 Rfd8 15. Bb1 Bf8 16. Qd3 Be8 17. Ne4 Nxe4 18. Qxe4 g6 19. Qh4 Qe7 20. Qg4 Qf6 21. h4 Bg7 22. Bg5 hxg5 23. hxg5 Qe7 24. Bxg6 fxg6 25. Rxe6 Qf7 26. d5 Bd7 27. Rde1 Bxe6 28. dxe6 Qf5 29. Qc4 Qd5 30. Qh4 Ne7 31. Nh2 Qd2 32. Nf3 Qd5 33. Nh2 Nf5 34. Qf4 Rc4 35. e7 Rxf4 36. exd8Q+ Qxd8 37. g3 Rd4 38. Ng4 Rd1 0-1

[Event "Titled Tuesday intern op 28th Jan Early"]
[Site "Chess.com INT"]
[Date "2025.01.28"]
[Round "2"]
[White "Poormosavi, Seyed Kian"]
[Black "Gramlich, Sebastian"]
[Result "1/2-1/2"]
[WhiteElo "2368"]
[BlackElo "2230"]
[PlyCount "202"]
[EventDate "2025.01.28"]
[EventType "swiss (blitz)"]
[EventRounds "11"]
[EventCountry "USA"]
[SourceTitle "CB06_2025"]
[SourceDate "2025.02.05"]
[SourceVersion "1"]
[SourceVersionDate "2025.02.05"]
[SourceQuality "1"]

1. Nf3 d5 2. g3 Nf6 3. Bg2 c6 4. 0-0 Bg4 5. h3 Bh5 6. c4 e6 7. cxd5 exd5 8. d4 Nbd7 9. Ne5 Nxe5 10. dxe5 Nd7 11. f4 Bc5+ 12. Kh2 Qe7 13. Nc3 0-0-0 14. a3 f6 15. b4 Bb6 16. exf6 Nxf6 17. Bb2 Rhe8 18. Re1 Bf2 19. Rf1 Qe3 20. Qd3 Bxg3+ 21. Kh1 Qxd3 22. exd3 Re3 23. Na4 Be2 24. Rfc1 Bxd3 25. Nc5 Ne4 26. Nxd3 Rxd3 27. Rf1 Rd2 28. Be5 g6 29. Rac1 Bh4 30. f5 gxf5 31. Rxf5 Rg8 32. Bxe4 dxe4 33. b5 e3 34. bxc6 bxc6 35. Rf7 Rg6 36. Rb1 Rgd6 37. Bxd6 Rxd6 38. Rf8+ Kc7 39. Re8 Bf2 40. Kg2 Rg6+ 41. Kf3 Rf6+ 42. Ke2 Rf7 43. Rbb8 Kd6 44. Rbd8+ Kc5 45. Re5+ Kb6 46. Re6 Rf5 47. Rc8 Rc5 48. Re7 Rc2+ 49. Kf3 Bg1 50. Rce8 a5 51. Rxh7 Rf2+ 52. Ke4 e2 53. Kd3 Rf3+ 54. Kxe2 Rxa3 55. h4 Bc5 56. h5 Rh3 57. h6 a4 58. Rhh8 Bd4 59. Rb8+ Kc5 60. Rh7 a3 61. Ra7 a2 62. Ra5+ Kc4 63. Ra4+ Kc5 64. h7 a1Q 65. Rxa1 Bxa1 66. Rb7 Bh8 67. Kd2 Rh1 68. Rf7 Rh2+ 69. Ke3 Rh6 70. Ke4 Rf6 71. Re7 Rg6 72. Re8 Rh6 73. Rxh8 Rh4+ 74. Kf5 Rh1 75. Ke6 Re1+ 76. Kd7 Rd1+ 77. Kc7 Rh1 78. Kb7 Rh2 79. Kc7 Rh1 80. Kd7 Rh2 81. Ke6 Rh1 82. Kf5 Rf1+ 83. Ke4 Rg1 84. Kf3 Rh1 85. Kg2 Rh6 86. Kg3 Rh5 87. Kg4 Rh1 88. Kf3 Rh2 89. Kg3 Rh1 90. Kg4 Rg1+ 91. Kf5 Rf1+ 92. Ke4 Re1+ 93. Kd3 Rh1 94. Kc3 Rh4 95. Kd2 Rh3 96. Ke2 Rh2+ 97. Kf3 Rh1 98. Kg2 Rh6 99. Kg3 Rh1 100. Kg4 Rg1+ 101. Kf5 Rf1+ 1/2-1/2

[Event "Hessenliga 1213"]
[Site "Germany"]
[Date "2013.05.05"]
[Round "9.4"]
[White "Gramlich, Sebastian"]
[Black "Schmidt, Walter"]
[Result "0-1"]
[WhiteElo "2254"]
[BlackElo "2217"]
[PlyCount "66"]
[EventDate "2012.09.16"]
[EventType "team-tourn"]
[EventRounds "9"]
[EventCountry "GER"]
[SourceTitle "EXT 2014"]
[Source "ChessBase"]
[SourceDate "2013.11.20"]
[SourceVersion "1"]
[SourceVersionDate "2013.11.20"]
[SourceQuality "1"]
[WhiteTeam "Nied"]
[BlackTeam "Bad Homburg"]
[WhiteTeamCountry "GER"]
[BlackTeamCountry "GER"]

1. e4 c5 2. Nf3 e6 3. d4 cxd4 4. Nxd4 Nf6 5. Nc3 d6 6. g3 Be7 7. Bg2 0-0 8. 0-0 Nc6 9. Nde2 a6 10. h3 Qc7 11. a4 b6 12. g4 Bb7 13. Ng3 d5 14. exd5 Rad8 15. g5 Nxd5 16. Nxd5 exd5 17. Nf5 Bc5 18. b4 Bxb4 19. Bb2 d4 20. Qh5 Qe5 21. Ne3 Be7 22. h4 Bd6 23. Ng4 Qf4 24. Rfd1 Bc7 25. Ra3 Bc8 26. Rg3 Qf5 27. Bh3 Qg6 28. Qxg6 fxg6 29. Rg2 Rf3 30. Rd3 Rxd3 31. cxd3 Nb4 32. f3 Nxd3 33. Ba3 Nf4 0-1

[Event "Karl Mala Memorial op 15th"]
[Site "Frankfurt"]
[Date "2012.07.07"]
[Round "5"]
[White "Gramlich, Sebastian"]
[Black "Rafiee, Kayvan"]
[Result "1-0"]
[WhiteElo "2254"]
[BlackElo "1962"]
[PlyCount "115"]
[EventDate "2012.07.05"]
[EventType "swiss"]
[EventRounds "7"]
[EventCountry "GER"]
[SourceTitle "CBM 149 Extra"]
[Source "ChessBase"]
[SourceDate "2012.08.24"]
[SourceVersion "1"]
[SourceVersionDate "2012.08.24"]
[SourceQuality "1"]

1. e4 e5 2. Nc3 Nc6 3. f4 exf4 4. d4 Qh4+ 5. Ke2 d5 6. Nf3 Bg4 7. exd5 Nce7 8. Bxf4 0-0-0 9. Kd2 Qh5 10. Bc4 Nf6 11. h3 Bxf3 12. Qxf3 Qxf3 13. gxf3 Nfxd5 14. Nxd5 Nxd5 15. Bh2 f6 16. Rae1 Nb6 17. Be6+ Kb8 18. c3 Bd6 19. Kc2 Nc8 20. f4 c6 21. f5 g6 22. h4 Bxh2 23. Rxh2 gxf5 24. Bxf5 Nd6 25. Bd3 Rd7 26. Rf2 f5 27. Ref1 Rf8 28. Rf4 b5 29. b3 Rg7 30. R1f2 Rfg8 31. Bxf5 Nxf5 32. Rxf5 Kb7 33. Rf7+ Kb6 34. b4 h6 35. Rxg7 Rxg7 36. Rf6 Rg2+ 37. Kb3 Kb7 38. Rxh6 Rh2 39. a4 a6 40. Rh7+ Kb8 41. axb5 axb5 42. h5 Ka8 43. Rc7 Rxh5 44. Rxc6 Rh7 45. Rc5 Rb7 46. c4 bxc4+ 47. Kxc4 Rd7 48. d5 Ka7 49. Rc6 Kb7 50. Kc5 Rh7 51. Rb6+ Ka7 52. Re6 Rc7+ 53. Kd6 Rc4 54. Ke7 Rxb4 55. d6 Rh4 56. d7 Rh7+ 57. Kd6 Rh2 58. d8Q 1-0

[Event "Karl Mala Memorial op 15th"]
[Site "Frankfurt"]
[Date "2012.07.06"]
[Round "2"]
[White "Bonk, Andras"]
[Black "Gramlich, Sebastian"]
[Result "1-0"]
[WhiteElo "1980"]
[BlackElo "2254"]
[PlyCount "65"]
[EventDate "2012.07.05"]
[EventType "swiss"]
[EventRounds "7"]
[EventCountry "GER"]
[SourceTitle "CBM 149 Extra"]
[Source "ChessBase"]
[SourceDate "2012.08.24"]
[SourceVersion "1"]
[SourceVersionDate "2012.08.24"]
[SourceQuality "1"]

1. e4 c5 2. Nf3 d6 3. d4 cxd4 4. Nxd4 Nf6 5. Nc3 a6 6. Be2 e5 7. Nb3 Be7 8. 0-0 0-0 9. f4 Nc6 10. Kh1 exf4 11. Bxf4 Be6 12. Nd4 Nxd4 13. Qxd4 Rc8 14. Rad1 Bg4 15. Bxg4 Nxg4 16. h3 Bf6 17. Qb4 Bxc3 18. bxc3 Qh4 19. Kg1 Ne5 20. Rxd6 Ng6 21. Bh2 a5 22. Qxb7 Rxc3 23. Rd7 Nh8 24. Bd6 h6 25. e5 Rfc8 26. e6 Qd4+ 27. Kh1 R8c6 28. exf7+ Nxf7 29. Bh2 Nd6 30. Qb8+ Kh7 31. Rxd6 Qc4 32. Qf8 Rxd6 33. Bxd6 1-0

[Event "Karl Mala Memorial op 15th"]
[Site "Frankfurt"]
[Date "2012.07.05"]
[Round "1"]
[White "Gramlich, Sebastian"]
[Black "Claus, Simon Martin"]
[Result "1-0"]
[WhiteElo "2254"]
[BlackElo "1840"]
[PlyCount "47"]
[EventDate "2012.07.05"]
[EventType "swiss"]
[EventRounds "7"]
[EventCountry "GER"]
[SourceTitle "CBM 149 Extra"]
[Source "ChessBase"]
[SourceDate "2012.08.24"]
[SourceVersion "1"]
[SourceVersionDate "2012.08.24"]
[SourceQuality "1"]

1. e4 e5 2. Nc3 Nc6 3. f4 d6 4. Nf3 exf4 5. d4 Bd7 6. Bxf4 Qf6 7. Nd5 Qd8 8. Bd3 Nf6 9. 0-0 h6 10. Qd2 a6 11. Rae1 Bg4 12. Nxf6+ Qxf6 13. e5 dxe5 14. Nxe5 0-0-0 15. Nxg4 Qxd4+ 16. Nf2 Qxb2 17. Rb1 Qxa2 18. Bf5+ Kb8 19. Qc3 Ka8 20. Bxc7 Rd5 21. Ra1 Rc5 22. Qxc5 Qxa1 23. Qxf8+ Rxf8 24. Rxa1 1-0

[Event "Hessenliga 1112"]
[Site "Germany"]
[Date "2012.04.29"]
[Round "8.3"]
[White "Gramlich, Sebastian"]
[Black "Rosenberger, Berthold"]
[Result "1/2-1/2"]
[WhiteElo "2288"]
[BlackElo "2217"]
[PlyCount "60"]
[EventDate "2011.09.25"]
[EventType "team-tourn"]
[EventRounds "9"]
[EventCountry "GER"]
[SourceTitle "EXT 2013"]
[Source "ChessBase"]
[SourceDate "2012.11.22"]
[SourceVersion "1"]
[SourceVersionDate "2012.11.22"]
[SourceQuality "1"]
[WhiteTeam "Nied"]
[BlackTeam "Dettingen"]
[WhiteTeamCountry "GER"]
[BlackTeamCountry "GER"]

1. d4 Nf6 2. c4 g6 3. Nc3 Bg7 4. e4 d6 5. f3 c6 6. Bg5 h6 7. Be3 a6 8. Qd2 b5 9. Rc1 bxc4 10. Bxc4 d5 11. Bb3 dxe4 12. d5 exf3 13. Nxf3 0-0 14. Bxh6 cxd5 15. Nxd5 Bb7 16. Nxf6+ exf6 17. Qxd8 Rxd8 18. Bxg7 Kxg7 19. 0-0 Nc6 20. Rf2 Rd6 21. Rd1 Rxd1+ 22. Bxd1 Re8 23. Ba4 Re4 24. Bc2 Rb4 25. Bb3 Na5 26. Bd1 Nc4 27. Bb3 Bxf3 28. Bxc4 Rxc4 29. Rxf3 Rc1+ 30. Rf1 Rc2 1/2-1/2

[Event "Hessenliga 1112"]
[Site "Germany"]
[Date "2011.11.06"]
[Round "3.3"]
[White "Schmidt, Walter"]
[Black "Gramlich, Sebastian"]
[Result "1/2-1/2"]
[WhiteElo "2217"]
[BlackElo "2288"]
[PlyCount "34"]
[EventDate "2011.09.25"]
[EventType "team-tourn"]
[EventRounds "9"]
[EventCountry "GER"]
[SourceTitle "EXT 2013"]
[Source "ChessBase"]
[SourceDate "2012.11.22"]
[SourceVersion "1"]
[SourceVersionDate "2012.11.22"]
[SourceQuality "1"]
[WhiteTeam "Bad Homburg"]
[BlackTeam "Nied"]
[WhiteTeamCountry "GER"]
[BlackTeamCountry "GER"]

1. d4 d5 2. c4 e6 3. Nf3 Nf6 4. Nc3 Be7 5. Bg5 0-0 6. e3 h6 7. Bh4 b6 8. cxd5 exd5 9. Bd3 Bb7 10. Qc2 c5 11. dxc5 bxc5 12. 0-0 Nc6 13. Qa4 d4 14. exd4 cxd4 15. Ne2 Nb4 16. Bxf6 Nxd3 17. Bxe7 Qxe7 1/2-1/2

[Event "Hessenliga 1112"]
[Site "Germany"]
[Date "2011.10.09"]
[Round "2.3"]
[White "Gramlich, Sebastian"]
[Black "Bollmann, Henrik"]
[Result "1/2-1/2"]
[WhiteElo "2288"]
[BlackElo "2133"]
[PlyCount "71"]
[EventDate "2011.09.25"]
[EventType "team-tourn"]
[EventRounds "9"]
[EventCountry "GER"]
[SourceTitle "EXT 2013"]
[Source "ChessBase"]
[SourceDate "2012.11.22"]
[SourceVersion "1"]
[SourceVersionDate "2012.11.22"]
[SourceQuality "1"]
[WhiteTeam "Nied"]
[BlackTeam "Bad Nauheim"]
[WhiteTeamCountry "GER"]
[BlackTeamCountry "GER"]

1. d4 d5 2. c4 e6 3. Nc3 c6 4. e4 dxe4 5. Nxe4 Bb4+ 6. Bd2 Bxd2+ 7. Qxd2 Nf6 8. Nc3 Nbd7 9. Nf3 b6 10. Be2 Bb7 11. 0-0 0-0 12. Rad1 Qc7 13. Rfe1 Rad8 14. Bf1 Rfe8 15. Qg5 h6 16. Qh4 Qb8 17. a4 c5 18. d5 exd5 19. Rxe8+ Nxe8 20. cxd5 Ndf6 21. Bc4 Nd6 22. Ba2 a6 23. Ne5 Qc7 24. Ng4 Nxg4 25. Qxg4 Re8 26. Bb1 Qe7 27. h3 Bc8 28. Qg3 Kf8 29. Qf4 Qe5 30. Qd2 Kg8 31. Bd3 Kf8 32. a5 b5 33. Qc1 Qg5 34. b3 Qxc1 35. Rxc1 Bb7 36. f3 1/2-1/2

[Event "Hessenliga 1112"]
[Site "Germany"]
[Date "2011.09.25"]
[Round "1.3"]
[White "Berndt, Matthias"]
[Black "Gramlich, Sebastian"]
[Result "1-0"]
[WhiteElo "2150"]
[BlackElo "2288"]
[PlyCount "81"]
[EventDate "2011.09.25"]
[EventType "team-tourn"]
[EventRounds "9"]
[EventCountry "GER"]
[SourceTitle "EXT 2013"]
[Source "ChessBase"]
[SourceDate "2012.11.22"]
[SourceVersion "1"]
[SourceVersionDate "2012.11.22"]
[SourceQuality "1"]
[WhiteTeam "Fulda"]
[BlackTeam "Nied"]
[WhiteTeamCountry "GER"]
[BlackTeamCountry "GER"]

1. e4 c5 2. Nc3 Nc6 3. g3 g6 4. Bg2 Bg7 5. d3 d6 6. Be3 Nf6 7. h3 0-0 8. f4 Nd4 9. Qd2 Qb6 10. Nd1 e5 11. c3 exf4 12. gxf4 Nc6 13. Ne2 Qc7 14. 0-0 Bd7 15. Ng3 Rae8 16. d4 Na5 17. e5 cxd4 18. cxd4 dxe5 19. dxe5 Nh5 20. Nxh5 gxh5 21. Rc1 Qd8 22. b4 Nc6 23. Bc5 Bf5 24. Qxd8 Rxd8 25. Ne3 Bd3 26. Rf2 Rfe8 27. Nd5 Kh8 28. Rc3 Bf5 29. b5 Nb8 30. Bxa7 Bd7 31. a4 h4 32. Bb6 Rc8 33. Bc7 Nc6 34. Rd2 Ne7 35. Nb6 Be6 36. Nxc8 Rxc8 37. Rd8+ Rxd8 38. Bxd8 Nf5 39. Bxb7 Nd4 40. Kf2 h5 41. Rd3 1-0

[Event "Hessen-ch 64th"]
[Site "Bad Vilbel"]
[Date "2010.04.04"]
[Round "9"]
[White "Gramlich, Sebastian"]
[Black "Uwira, Oliver"]
[Result "0-1"]
[WhiteElo "2269"]
[BlackElo "2228"]
[PlyCount "42"]
[EventDate "2010.03.27"]
[EventType "swiss"]
[EventRounds "9"]
[EventCountry "GER"]
[SourceTitle "CBM 135 Extra"]
[Source "ChessBase"]
[SourceDate "2010.05.04"]
[SourceVersion "1"]
[SourceVersionDate "2010.05.04"]
[SourceQuality "1"]

1. d4 d5 2. Nf3 c5 3. c3 e6 4. e3 Nf6 5. Bd3 Nc6 6. Nbd2 Be7 7. 0-0 0-0 8. Qe2 Qc7 9. dxc5 Bxc5 10. e4 h6 11. h3 Nh5 12. Nb3 Ng3 13. Qc2 Bb6 14. exd5 Nxf1 15. dxc6 Ng3 16. Nbd4 e5 17. Nb5 Qe7 18. Kh2 bxc6 19. fxg3 cxb5 20. Bxb5 Bb7 21. Bc4 Bxf3 0-1

[Event "Hessen-ch 64th"]
[Site "Bad Vilbel"]
[Date "2010.03.30"]
[Round "4"]
[White "Gramlich, Sebastian"]
[Black "Alber, Horst"]
[Result "1/2-1/2"]
[WhiteElo "2269"]
[BlackElo "2340"]
[PlyCount "38"]
[EventDate "2010.03.27"]
[EventType "swiss"]
[EventRounds "9"]
[EventCountry "GER"]
[SourceTitle "CBM 135 Extra"]
[Source "ChessBase"]
[SourceDate "2010.05.04"]
[SourceVersion "1"]
[SourceVersionDate "2010.05.04"]
[SourceQuality "1"]

1. d4 Nf6 2. Bg5 g6 3. Bxf6 exf6 4. e3 h5 5. Ne2 Bh6 6. g3 d5 7. Bg2 c6 8. 0-0 Na6 9. Nd2 Nc7 10. c4 Be6 11. Qc2 h4 12. Rfe1 hxg3 13. hxg3 Qd7 14. cxd5 Nxd5 15. e4 Nb4 16. Qc3 Nxa2 17. Qc2 Nb4 18. Qc3 Na2 19. Qc2 Nb4 1/2-1/2

[Event "Hessen-ch 64th"]
[Site "Bad Vilbel"]
[Date "2010.03.28"]
[Round "2"]
[White "Gramlich, Sebastian"]
[Black "Klundt, Klaus"]
[Result "1/2-1/2"]
[WhiteElo "2269"]
[BlackElo "2340"]
[PlyCount "43"]
[EventDate "2010.03.27"]
[EventType "swiss"]
[EventRounds "9"]
[EventCountry "GER"]
[SourceTitle "CBM 135 Extra"]
[Source "ChessBase"]
[SourceDate "2010.05.04"]
[SourceVersion "1"]
[SourceVersionDate "2010.05.04"]
[SourceQuality "1"]

1. d4 d5 2. c4 c6 3. Nf3 Nf6 4. e3 e6 5. Nc3 Nbd7 6. Qc2 Bd6 7. b3 0-0 8. Be2 b6 9. 0-0 Bb7 10. Bb2 Qe7 11. Rad1 Rac8 12. e4 dxe4 13. Nxe4 Nxe4 14. Qxe4 Nf6 15. Qh4 c5 16. Rfe1 cxd4 17. Nxd4 Bb4 18. Bd3 Bxe1 19. Bxh7+ Kh8 20. Bg6+ Kg8 21. Bh7+ Kh8 22. Bg6+ 1/2-1/2

[Event "Main Vogelsberg op 4th"]
[Site "Heusenstamm"]
[Date "2009.05.02"]
[Round "4"]
[White "Larem, Peter"]
[Black "Gramlich, Sebastian"]
[Result "0-1"]
[WhiteElo "1935"]
[BlackElo "2225"]
[PlyCount "104"]
[EventDate "2009.04.30"]
[EventType "swiss"]
[EventRounds "7"]
[EventCountry "GER"]
[SourceTitle "CBM 130 Extra"]
[Source "ChessBase"]
[SourceDate "2009.07.02"]
[SourceVersion "2"]
[SourceVersionDate "2009.07.15"]
[SourceQuality "1"]

1. e4 d5 2. exd5 Nf6 3. Nf3 Qxd5 4. d4 Bg4 5. Be2 Nc6 6. Nc3 Qh5 7. 0-0 0-0-0 8. Be3 e5 9. h3 Bd6 10. Nxe5 Nxe5 11. dxe5 Bxe2 12. Qxe2 Qxe5 13. g3 Rhe8 14. Rad1 Qf5 15. Kg2 a6 16. Rd3 Be5 17. Rfd1 Bxc3 18. Rxc3 Rxd1 19. Qxd1 Nd5 20. Rb3 g6 21. Qd2 Qe4+ 22. Kg1 f5 23. Rd3 c6 24. Rd4 Qf3 25. Rd3 Qe4 26. Rd4 Qe6 27. Rd3 Qe7 28. a3 Nf6 29. Qa5 Nd5 30. Qd2 Qe5 31. c4 Nf6 32. Qc3 Qxc3 33. Rxc3 Rd8 34. Rc1 Ne4 35. Kf1 Rd7 36. Ke2 Kd8 37. b4 Ke7 38. h4 Ke6 39. c5 Rd5 40. Rc4 Re5 41. Kd3 Nf6 42. Rd4 Rd5 43. Rxd5 Kxd5 44. Bg5 Ng4 45. Be3 Ne5+ 46. Kc3 Ke4 47. a4 Ng4 48. Kc4 Nxe3+ 49. fxe3 Kxe3 50. b5 axb5+ 51. axb5 Ke4 52. bxc6 bxc6 0-1

[Event "Main Vogelsberg op 4th"]
[Site "Heusenstamm"]
[Date "2009.05.01"]
[Round "2"]
[White "Lanz, Udo"]
[Black "Gramlich, Sebastian"]
[Result "0-1"]
[WhiteElo "1915"]
[BlackElo "2225"]
[PlyCount "38"]
[EventDate "2009.04.30"]
[EventType "swiss"]
[EventRounds "7"]
[EventCountry "GER"]
[SourceTitle "CBM 130 Extra"]
[Source "ChessBase"]
[SourceDate "2009.07.02"]
[SourceVersion "2"]
[SourceVersionDate "2009.07.15"]
[SourceQuality "1"]

1. e4 d5 2. exd5 Nf6 3. c4 e6 4. d4 exd5 5. Nc3 Bb4 6. Nf3 0-0 7. c5 Re8+ 8. Be2 Ne4 9. Bd2 Nc6 10. a3 Bxc3 11. Bxc3 Qe7 12. Bd2 Nxd2 13. Qxd2 Bg4 14. Kf1 Qf6 15. Rd1 Re4 16. Bb5 Bxf3 17. Bxc6 Be2+ 18. Kg1 bxc6 19. f3 Re6 0-1

[Event "BL2-Sued 0809"]
[Site "Germany"]
[Date "2008.12.14"]
[Round "4.8"]
[White "Schork, Stefan"]
[Black "Gramlich, Sebastian"]
[Result "0-1"]
[WhiteElo "2115"]
[BlackElo "2225"]
[PlyCount "52"]
[EventDate "2008.10.05"]
[EventType "team-tourn"]
[EventRounds "9"]
[EventCountry "GER"]
[SourceTitle "CBM 129 Extra"]
[Source "ChessBase"]
[SourceDate "2009.05.05"]
[SourceVersion "2"]
[SourceVersionDate "2009.05.20"]
[SourceQuality "1"]
[WhiteTeam "Untergrombach"]
[BlackTeam "Schwegenheim"]
[WhiteTeamCountry "GER"]
[BlackTeamCountry "GER"]

1. e4 c5 2. Nf3 d6 3. d4 cxd4 4. Qxd4 a6 5. Bg5 Nc6 6. Qd2 h6 7. Bh4 g5 8. Bg3 Nf6 9. Nc3 Qa5 10. 0-0-0 Bg7 11. Kb1 Be6 12. Nd5 Qxd2 13. Nxf6+ Bxf6 14. Rxd2 b5 15. Bd3 b4 16. Re1 Bc3 17. bxc3 bxc3 18. Rde2 Rb8+ 19. Ka1 Rb2 20. Re3 Rxa2+ 21. Kb1 Ra3 22. Rd1 0-0 23. Nd2 Rb8+ 24. Nb3 Bxb3 25. cxb3 Rbxb3+ 26. Kc1 Ra1+ 0-1

[Event "BL2-Sued 0809"]
[Site "Germany"]
[Date "2008.11.30"]
[Round "3.7"]
[White "Roos, Jean Luc"]
[Black "Gramlich, Sebastian"]
[Result "0-1"]
[WhiteElo "2300"]
[BlackElo "2225"]
[PlyCount "36"]
[EventDate "2008.10.05"]
[EventType "team-tourn"]
[EventRounds "9"]
[EventCountry "GER"]
[SourceTitle "CBM 129 Extra"]
[Source "ChessBase"]
[SourceDate "2009.05.05"]
[SourceVersion "2"]
[SourceVersionDate "2009.05.20"]
[SourceQuality "1"]
[WhiteTeam "Heidelberg Handschuhsheim"]
[BlackTeam "Schwegenheim"]
[WhiteTeamCountry "GER"]
[BlackTeamCountry "GER"]

1. d4 d5 2. c4 e6 3. Nc3 c5 4. cxd5 cxd4 5. Qxd4 Nc6 6. Qd1 exd5 7. Qxd5 Bd7 8. Bf4 Nf6 9. Qd2 Qa5 10. e3 0-0-0 11. Nf3 Bb4 12. Bd3 Bf5 13. Bxf5+ Qxf5 14. Qc1 Qd3 15. Ne5 Nxe5 16. Bxe5 Ng4 17. Bg3 Rhe8 18. Qb1 Rxe3+ 0-1

[Event "Karl Mala Memorial op 11th"]
[Site "Frankfurt"]
[Date "2008.06.29"]
[Round "6"]
[White "Diez, Gerhard"]
[Black "Gramlich, Sebastian"]
[Result "1/2-1/2"]
[WhiteElo "2046"]
[BlackElo "2312"]
[PlyCount "48"]
[EventDate "2008.06.26"]
[EventType "swiss"]
[EventRounds "7"]
[EventCountry "GER"]
[SourceTitle "CBM 125 Extra"]
[Source "ChessBase"]
[SourceDate "2008.09.01"]
[SourceVersion "1"]
[SourceVersionDate "2008.09.01"]
[SourceQuality "1"]

1. e4 d5 2. exd5 Nf6 3. Bb5+ Nbd7 4. Nc3 a6 5. Be2 Nb6 6. Bf3 Nbxd5 7. Nxd5 Nxd5 8. d4 e6 9. Ne2 Be7 10. 0-0 0-0 11. c3 b5 12. b3 Rb8 13. c4 Nf6 14. Be3 Bb7 15. Ng3 Qd7 16. Rc1 Rfd8 17. Qe2 h6 18. Bxb7 Rxb7 19. Qf3 c6 20. Ne2 Rc8 21. Rc2 Rbb8 22. Nc1 bxc4 23. Rxc4 Qd5 24. Nd3 Qxf3 1/2-1/2